[Event "CZE-ch 2020"]
[Site "Pilsen"]
[Date "2020.08.31"]
[Round "9.17"]
[White "Vybiral, Zdenek"]
[Black "Zeman, Matyas"]
[Result "1-0"]
[WhiteElo "2221"]
[BlackElo "2250"]
[Annotator "TA"]
[PlyCount "85"]
[EventDate "2020.08.23"]
[EventType "swiss"]
[EventCountry "CZE"]
[SourceTitle "playchess.com"]
[Source "ChessBase"]
[SourceQuality "1"]

{[%evp 9,85,19,33,7,22,-2,0,7,50,0,39,-8,0,-2,12,-2,3,-52,24,-16,0,-45,-57,-40,-25,-15,48,-39,-14,-37,110,113,119,100,156,150,145,152,151,151,151,148,147,0,0,0,0,0,247,227,225,209,260,256,290,272,368,366,370,353,396,401,397,323,320,311,299,303,360,351,489,502,594,600,589,577,574,568]} 1. c4 f5 2. d4 Nf6 3. Nc3 g6 4. Nf3 Bg7 5. Bf4 d6 6. Qc2 {A85: Dutch Defence: 2 c4 Nf6 3 Nc3.} O-O 7. O-O-O c6 8. e3 {[#] The position is equal.} Qa5 $146 ({Predecessor:} 8... Nbd7 9. h3 h6 10. g4 g5 11. Bg3 fxg4 12. hxg4 Nxg4 13. Bd3 Ndf6 14. Bg6 Be6 {0-1 (23) Volkov,S (2277)-Necula,I (1890) chess.com INT 2020}) 9. Nd2 e5 10. Nb3 Qc7 11. Bg3 Nh5 12. Bh4 a5 {[%cal Ba7a5,Ba5a4,Ba4a3][%mdl 32]} 13. dxe5 ({White should play} 13. Na4 $1 $11) 13... dxe5 (13... a4 $15 14. Nd2 a3) 14. Be2 a4 15. Nd2 a3 $1 16. b4 $1 Nf6 17. c5 Be6 (17... b5 $11) 18. Bc4 (18. Bxf6 $1 $14 Bxf6 19. Bc4) 18... Qf7 19. Qb3 $1 Bxc4 (19... Nd5 $15 {keeps the upper hand.} 20. e4 Nc7) 20. Nxc4 $16 e4 21. Kc2 Na6 (21... Nfd7 $142) 22. Nb6 Rad8 23. Qxf7+ ({Inferior is} 23. Qxa3 Rd3 $1 $11 {[%mdl 512]}) 23... Kxf7 {[#]} 24. Kb3 $1 Nc7 25. Kxa3 Ne6 26. Kb3 (26. Bxf6 $16 Bxf6 27. Kb3) 26... g5 $1 $11 {[%cal Rg5h4]} 27. Bg3 f4 28. exf4 Nxf4 $2 {White leaves nothing to chance now.} (28... gxf4 $11 {and Black has nothing to worry.} 29. Bh4 Nd4+ 30. Kc4 Rfe8) 29. h4 h6 30. Nc4 Rxd1 31. Rxd1 N6d5 32. Nxe4 Ne2 33. hxg5 Nd4+ 34. Kb2 Nf3+ 35. Kc1 Nxg5 36. Nxg5+ hxg5 37. a3 Kg6 38. Re1 g4 39. Kc2 Kg5 40. Nd6 {White is clearly winning.} b5 41. cxb6 Nxb6 42. Re7 Bd4 43. Rc7 {Accuracy: White = 77%, Black = 53%.} 1-0

[Event "CZE-ch 2020"]
[Site "Pilsen"]
[Date "2020.08.31"]
[Round "9.18"]
[White "Gloser, David"]
[Black "Paseka, Matyas"]
[Result "1-0"]
[WhiteElo "2248"]
[BlackElo "1959"]
[Annotator "TA"]
[PlyCount "51"]
[EventDate "2020.08.23"]
[EventType "swiss"]
[EventCountry "CZE"]
[SourceTitle "playchess.com"]
[Source "ChessBase"]
[SourceQuality "1"]

{[%evp 16,51,-8,-16,5,0,0,-40,43,46,48,46,61,51,152,150,161,159,147,124,164,156,168,155,177,185,269,263,297,283,277,262,271,272,267,254,281,281]} 1. f4 d5 2. Nf3 Nf6 3. b3 g6 4. Bb2 Bg7 5. e3 O-O 6. Be2 c5 7. O-O Nc6 8. Ne5 Qc7 9. Bf3 e6 {[#] A03: Bird's Opening with 1...d5.} 10. c4 $146 ({Predecessor:} 10. Nxc6 Qxc6 11. d3 b5 12. Nd2 Bb7 13. Qe2 Qb6 14. Kh1 Rac8 15. a4 a6 16. Ra2 Rfd8 17. axb5 axb5 {½-½ (75) Danielsen,H (2501)-Hardarson,R (2278) Qaqortoq 2003}) 10... Nd7 {[%cal Rc6e5]} 11. d4 Ndxe5 (11... cxd4 $15 12. exd4 Ndxe5 13. dxe5 Qb6+ 14. Kh1 dxc4) 12. dxe5 $14 dxc4 13. bxc4 Rd8 14. Qe2 Qd7 (14... Na5 $14) 15. Nc3 $16 {[%cal Bb1c3,Bc3a4,Ba4c5,Bc5b7,Bb7d6][%mdl 32]} Qd2 {[#]} 16. Qxd2 $1 Rxd2 17. Na4 Bd7 {[#] Threatening ...Nxe5.} 18. Bc1 $1 {[%cal Rc1d2]} ({But not} 18. Nxc5 $6 Rxb2 19. Nxd7 Na5 $14) 18... Rc2 {Threatens to win with ...Nxe5.} 19. Nxc5 {[%mdl 64] Double Attack} Be8 20. Nxb7 {And now Nd6 would win.} Rb8 (20... Bf8 {was necessary.} 21. Rd1 Rc8) 21. Nd6 $18 {White has a decisive advantage.} Nxe5 22. fxe5 Bxe5 23. Ba3 Bxa1 24. Rxa1 Ba4 25. Bc5 Rd8 26. Bd1 {Accuracy: White = 91%, Black = 52%.} 1-0

[Event "CZE-ch 2020"]
[Site "Pilsen"]
[Date "2020.08.31"]
[Round "9.19"]
[White "Folk, Petr"]
[Black "Novotny, Michal"]
[Result "1/2-1/2"]
[WhiteElo "2122"]
[BlackElo "2246"]
[Annotator "TA"]
[PlyCount "77"]
[EventDate "2020.08.23"]
[EventType "swiss"]
[EventCountry "CZE"]
[SourceTitle "playchess.com"]
[Source "ChessBase"]
[SourceQuality "1"]

{[%evp 17,77,32,34,22,31,27,38,25,30,17,69,65,65,65,72,65,70,65,381,363,397,387,370,329,330,266,255,240,259,196,272,276,333,325,325,316,289,142,140,127,127,132,130,124,133,118,131,130,134,123,133,131,126,122,128,114,110,0,125,121,119,0]} 1. e4 e6 2. d4 d5 3. Nc3 Bb4 4. e5 c5 5. a3 Ba5 6. Bd2 Nc6 7. Nb5 Bxd2+ 8. Qxd2 Nxd4 9. Nxd4 cxd4 10. Nf3 {C18: French: 3 Nc3 Bb4: Main line: 7 h4 and 7 Qg4.} Ne7 11. Nxd4 O-O 12. f4 {White is slightly better.} Nc6 13. O-O-O f6 (13... Nxd4 $11 14. Qxd4 Bd7) 14. exf6 $1 $14 Qxf6 15. g3 {[#]} Bd7 $146 ({Predecessor:} 15... Nxd4 16. Qxd4 Qxd4 17. Rxd4 Bd7 18. Bd3 Bc6 19. Re1 Rae8 20. Re5 b5 21. Kd2 g6 {0-1 (53) Vuelban,V (2263)-Cioara,A (2471) Porto San Giorgio 2008}) 16. Bg2 Rac8 17. Rhe1 {Nxe6! is the strong threat.} Qh6 $2 {[%mdl 8192] [#]} (17... Nxd4 $14 18. Qxd4 Qf5) 18. Nxe6 $1 $18 {[%mdl 512]} Rf6 (18... Bxe6 19. Rxe6) 19. Ng5 d4 20. Bd5+ Kh8 21. Re4 Qh5 22. Bxc6 Rfxc6 23. Rxd4 h6 (23... Rxc2+ {was called for.} 24. Qxc2 Rxc2+ 25. Kxc2 h6) 24. c3 ({Don't take} 24. Rxd7 $6 Rxc2+ 25. Qxc2 Rxc2+ 26. Kxc2 hxg5 $16) 24... Be8 25. Ne4 Bg6 {[#]} 26. Nd6 $1 Rf8 27. f5 (27. Qf2 $18) 27... Rxd6 $16 28. Rxd6 Qxf5 {[%csl Gg6][%cal Rf5b1]} 29. Rxg6 Qxg6 {[%mdl 4096] Endgame KQR-KQR} 30. Qd3 Qb6 31. Rf1 {[%cal Rf1f8]} Rd8 32. Qe4 Qb5 33. Re1 Qb3 34. Qe7 Qd5 35. Qe2 Qf5 {[#]} 36. Qe4 $1 Qf2 37. Qe2 Qf5 38. Rf1 Qg6 39. Re1 {Accuracy: White = 81%, Black = 75%.} (39. Qe7 $16 Qd3 40. Rf8+ Rxf8 41. Qxf8+ Kh7 42. Qf4) 1/2-1/2

[Event "CZE-ch 2020"]
[Site "Pilsen"]
[Date "2020.08.31"]
[Round "9.20"]
[White "Nemec, Jachym"]
[Black "Kusa, Jakub"]
[Result "1/2-1/2"]
[WhiteElo "2150"]
[BlackElo "2239"]
[Annotator "TA"]
[PlyCount "63"]
[EventDate "2020.08.23"]
[EventType "swiss"]
[EventCountry "CZE"]
[SourceTitle "playchess.com"]
[Source "ChessBase"]
[SourceQuality "1"]

{[%evp 9,63,2,6,8,0,4,22,23,28,26,29,6,34,13,32,12,33,17,40,23,41,33,43,32,47,20,43,18,33,0,6,-25,-18,-64,12,0,20,-16,-6,-7,27,-35,0,0,15,-6,39,30,33,0,0,2,55,46,19,22]} 1. d4 Nf6 2. Nf3 e6 3. g3 d5 4. Bg2 b5 5. O-O Be7 6. a4 {A46: 1 d4 Nf6 2 Nf3 e6: Torre, London and Colle Systems.} b4 7. c4 Bb7 8. Nbd2 O-O {[#]} 9. c5 $146 ({Predecessor:} 9. cxd5 Bxd5 10. Re1 Nbd7 11. e4 Bb7 12. e5 Nd5 13. Nc4 c5 14. Ne3 Nxe3 15. Bxe3 c4 16. Nd2 Bxg2 17. Kxg2 Rc8 18. Rc1 Nb6 19. a5 Nd5 20. Nxc4 Rxc4 {0-1 (20) Hernandez Requena,F (1809)-Gonzalez Rodriguez,J (2259) Sabadell 2017}) 9... a5 10. b3 Nbd7 11. Bb2 Ne4 12. Qc2 {[#] Strongly threatening c6.} Nxd2 13. Nxd2 {aiming for c6.} Bc6 14. Rad1 g6 15. Rfe1 Bf6 16. h4 Bg7 17. Nf1 f5 18. Bc1 Nf6 19. Bg5 h6 20. Bxf6 Qxf6 21. f4 Qe7 (21... g5 $15 22. hxg5 hxg5) 22. e3 Bf6 23. Bf3 Kf7 24. Kf2 Bb7 25. Ke2 (25. Nd2 $11) 25... Ba6+ 26. Kd2 c6 27. Be2 Bb7 28. Kc1 Ke8 29. Nd2 Kd7 30. Rh1 Rf7 ({Black should play} 30... g5 $11) 31. Nf3 Rg8 32. Rdg1 {Accuracy: White = 67%, Black = 72%.} 1/2-1/2

[Event "CZE-ch 2020"]
[Site "Pilsen"]
[Date "2020.08.31"]
[Round "9.21"]
[White "Novotny, Martin"]
[Black "Stinka, Jakub"]
[Result "0-1"]
[WhiteElo "2180"]
[BlackElo "2299"]
[Annotator "TA"]
[PlyCount "118"]
[EventDate "2020.08.23"]
[EventType "swiss"]
[EventCountry "CZE"]
[SourceTitle "playchess.com"]
[Source "ChessBase"]
[SourceQuality "1"]

{[%evp 14,118,23,18,64,60,70,75,62,52,72,62,56,63,51,41,42,28,38,23,41,68,58,7,7,0,10,17,18,18,26,7,29,25,27,0,0,0,0,-33,-23,-48,0,-16,-10,-35,-21,-76,0,-50,-58,-75,-49,-70,-50,-55,-45,-51,-33,-72,-71,-63,-54,-72,-68,-68,-75,-83,-83,-91,-12,-12,-19,-19,-10,-133,-117,-125,-84,-85,-107,-156,-100,-295,-302,-343,-362,-693,-565,-682,-333,-1190,-993,-2258,-2015,-1754,-1562,-5874,-5595,-4133,-2418,-29980,-29978,-29985,-29986,-29986,-29987]} 1. d4 Nf6 2. c4 e6 3. Nf3 d5 4. g3 Bb4+ 5. Bd2 a5 6. a3 Bxd2+ 7. Nbxd2 O-O 8. Bg2 a4 {E11: Bogo-Indian.} 9. O-O b6 {[#]} 10. Qc2 $146 ({Predecessor:} 10. b4 axb3 11. Qxb3 Nc6 12. e3 Na5 13. Qb4 dxc4 14. Rfc1 Ba6 15. a4 Nd5 16. Qa3 {0-1 (25) Plamenov Ribarov,P (2100)-Lopez Martinez,J (2498) Barcelona 2012}) 10... Nbd7 {White is better.} 11. Rfd1 Ba6 12. Rac1 c5 13. cxd5 exd5 ({Not} 13... Bxe2 $2 14. Re1 $18) 14. e3 Re8 15. Re1 Bb5 16. Nb1 Qe7 17. Nc3 Bc6 $1 18. dxc5 (18. Rcd1 $14) 18... bxc5 $11 19. Red1 g6 20. Ne1 {[%cal Rc3d5]} Nb6 21. Nd3 Red8 22. Nb1 Nc4 23. Nd2 Bb5 $1 24. Qc3 {[%cal Rd2c4]} Rac8 25. Nxc4 Bxc4 26. Nf4 Bb3 $36 {[%mdl 2048] Black is more active.} 27. Rd3 Ne4 28. Bxe4 Qxe4 29. Qd2 (29. Qf6 {keeps more tension.} Qe8 30. h4 h6 31. Ng2 Kh7 32. Rdc3) 29... g5 30. Ne2 (30. f3 $11 {remains equal.} Qxf3 31. Rf1) 30... Qf5 (30... Bc4 $17 31. Rdc3 h6) 31. Rdc3 Bc4 $1 32. Rd1 Re8 33. Nc1 h6 34. Nd3 Qf3 35. Ne1 Qg4 36. f3 Qe6 37. Rdc1 f5 38. Qf2 Rb8 39. R1c2 Rb7 40. Ng2 Reb8 41. Ne1 Qe5 (41... Re7 $17) 42. f4 $1 {[%cal Rf4e5]} gxf4 43. exf4 Qd4 {[#] aiming for ...Rxb2.} 44. Nd3 (44. Nf3 $1 $11 Qd1+ 45. Kg2) 44... Qxf2+ $17 ({Weaker is} 44... Bxd3 45. Qxd4 cxd4 46. Rxd3 $14) 45. Rxf2 Bxd3 $1 46. Rxd3 {[%mdl 4096] Endgame KRR-KRR} d4 ({Of course not} 46... Rxb2 $6 47. Rxb2 Rxb2 48. Rxd5 $11) 47. Rdd2 {[#]} Kf7 ({Black should try} 47... Rb3 $1 48. Rc2 R8b5) 48. Rfe2 $2 {White does not recover from this.} (48. Rc2 $17 {was the only defense.}) 48... Re7 $19 49. h3 h5 50. g4 $2 (50. Rf2 Rb3 51. Kh2) 50... hxg4 51. hxg4 fxg4 (51... Rxe2 $142 52. Rxe2 fxg4) 52. Kf2 $2 (52. Rg2) 52... Rb3 {...Rbe3 is the strong threat.} 53. Rc2 Rxe2+ 54. Rxe2 {KR-KR} Kf6 55. Rc2 Kf5 56. Rxc5+ Kxf4 57. Rc2 g3+ {Black mates.} 58. Kg2 d3 59. Rc4+ Ke3 {Accuracy: White = 47%, Black = 82%.} 0-1

[Event "CZE-ch 2020"]
[Site "Pilsen"]
[Date "2020.08.31"]
[Round "9.22"]
[White "Nytra, Ondrej"]
[Black "Toman, Ondrej"]
[Result "1/2-1/2"]
[WhiteElo "1925"]
[BlackElo "2233"]
[Annotator "TA"]
[PlyCount "96"]
[EventDate "2020.08.23"]
[EventType "swiss"]
[EventCountry "CZE"]
[SourceTitle "playchess.com"]
[Source "ChessBase"]
[SourceQuality "1"]

{[%evp 13,96,0,19,0,0,-1,47,48,60,59,56,25,53,36,66,14,27,9,10,0,0,0,15,-10,31,18,26,25,31,33,29,-4,69,34,96,93,104,100,95,85,97,64,108,93,133,135,144,147,157,44,45,43,44,43,43,43,44,43,43,43,45,43,41,0,8,8,8,8,8,8,8,13,8,8,8,0,0,0,0,0,8,8,15,11,46]} 1. e4 c6 2. d4 d5 3. e5 Bf5 4. c3 e6 5. Be3 Qb6 6. Qb3 Nd7 7. Nd2 f6 8. f4 {B12: Caro-Kann: Advance Variation.} g5 9. Ngf3 g4 10. Nh4 {White is slightly better.} Nh6 11. Be2 Be7 {[#]} 12. O-O $146 ({Predecessor:} 12. g3 Rg8 13. Ng2 c5 14. exf6 cxd4 15. Bxd4 Qxb3 16. axb3 Bxf6 17. Ne3 Bxd4 18. cxd4 {½-½ (33) Nitin,S (2408)-Firouzja,A (2657) Sharjah 2019}) 12... O-O-O 13. g3 Rdg8 14. Bf2 (14. Qxb6 $14 Nxb6 15. a4 (15. Nxf5 Nxf5 16. Bf2 h5 $11)) 14... fxe5 $11 15. Nxf5 Nxf5 16. dxe5 Bc5 17. Qxb6 Bxb6 18. Bd3 Rf8 19. Nb3 Bxf2+ 20. Rxf2 c5 21. c4 {Hoping for cxd5.} d4 22. Nd2 (22. Bxf5 $5 Rxf5 23. Nd2 $11) 22... Re8 (22... Ne3 $11) 23. Ne4 $14 Kc7 ({Black should play} 23... h5 $1 $14) 24. Ng5 $16 {Threatens to win with Nxe6+!} Ne3 25. Nf7 Rhf8 26. Nd6 Re7 27. Be4 Rb8 28. Rc1 a6 29. Rd2 h5 {[#]} 30. b4 $1 {[%mdl 512]} b6 {[#]} (30... cxb4 31. c5) 31. a3 (31. bxc5 $1 $16 bxc5 32. Rd3) 31... h4 $14 32. Rb1 ({Don't play} 32. gxh4 Rf8 $11) 32... Rh8 33. Rdb2 {And now gxh4 would win.} hxg3 34. hxg3 {Black must now prevent bxc5.} Rh3 $1 35. Rh2 Rxg3+ 36. Kf2 Rh3 37. Rxh3 gxh3 38. Rh1 Ng4+ {The position is equal.} 39. Kg3 Ngxe5 40. fxe5 Nxe5 41. bxc5 bxc5 42. Nb7 Nxc4 43. Nxc5 {White wants to play Rc1.} Kd6 $132 {[%mdl 2048] Black is fighting back} 44. Nb7+ Ke5 45. Bd3 Rg7+ 46. Kxh3 Ne3 47. Nc5 Rc7 48. Rc1 a5 {Accuracy: White = 83%, Black = 71%.} (48... Kd5 $5 {[%cal Rc7c5]} 49. Be4+ Ke5 $16) 1/2-1/2

[Event "CZE-ch 2020"]
[Site "Pilsen"]
[Date "2020.08.31"]
[Round "9.23"]
[White "Kawulok, Marek"]
[Black "Hlozek, David"]
[Result "1-0"]
[WhiteElo "2226"]
[BlackElo "2037"]
[Annotator "TA"]
[PlyCount "79"]
[EventDate "2020.08.23"]
[EventType "swiss"]
[EventCountry "CZE"]
[SourceTitle "playchess.com"]
[Source "ChessBase"]
[SourceQuality "1"]

{[%evp 16,79,7,0,19,21,39,35,47,31,46,23,82,36,58,45,43,33,45,0,0,0,0,0,0,0,1,5,6,7,3,0,0,0,0,0,0,0,0,0,0,0,0,0,0,0,0,0,0,0,7,0,0,0,7,7,7,7,7,0,0,0,153,8,5214,1937]} 1. e4 c5 2. Nf3 d6 3. c3 Nf6 4. Be2 g6 5. O-O Bg7 6. Bb5+ Bd7 7. Bxd7+ Nbxd7 8. Re1 O-O 9. d4 cxd4 {B50: Sicilian: 2...d6, Miscellaneous.} 10. cxd4 Nb6 11. Nc3 Rc8 {White is slightly better.} 12. Qe2 {[#]} Nfd7 $146 ({Predecessor:} 12... e6 13. e5 dxe5 14. dxe5 Nfd5 15. Ne4 Nd7 16. Nd6 Rb8 17. Bg5 Qb6 18. Nc4 Qa6 {0-1 (88) Regan,N (2151)-Berend,E (2340) Saint Vincent 1999}) 13. Bf4 e5 (13... Nb8 $11) 14. dxe5 dxe5 15. Be3 a6 16. Red1 {[#] Hoping for Bxb6.} Qe7 17. Nd5 Nxd5 18. Rxd5 Nc5 19. Bxc5 Rxc5 20. Rad1 Rxd5 21. Rxd5 Rd8 22. Rxd8+ Qxd8 23. Qd2 Qxd2 24. Nxd2 $11 {[%mdl 4096] Endgame KB-KN} f6 25. Nc4 Bf8 26. Nb6 Kf7 27. Nd5 Ke6 28. Kf1 Bc5 29. Ke2 f5 30. f3 Bd4 31. b3 fxe4 32. fxe4 Kd6 33. Kd3 h5 34. Kc4 Ke6 35. a4 g5 36. h3 g4 37. hxg4 hxg4 38. Nc7+ Kf6 $2 {[#]} (38... Kd7 $11 39. Nd5 Ke6) 39. Kd5 (39. b4 $16) 39... Kg5 $2 {[%mdl 8192]} (39... Bc3 $11) 40. Ne6+ {[%mdl 64] Double Attack. Accuracy: White = 80%, Black = 81%.} 1-0

[Event "CZE-ch 2020"]
[Site "Pilsen"]
[Date "2020.08.31"]
[Round "9.24"]
[White "Vorisek, Jakub"]
[Black "Nagy, Ladislav"]
[Result "0-1"]
[WhiteElo "2205"]
[BlackElo "2150"]
[Annotator "TA"]
[PlyCount "60"]
[EventDate "2020.08.23"]
[EventType "swiss"]
[EventCountry "CZE"]
[SourceTitle "playchess.com"]
[Source "ChessBase"]
[SourceQuality "1"]

{[%evp 17,60,-74,-97,-133,-155,-170,-168,-180,-168,-170,-167,-154,-151,-181,-130,-149,-144,-157,-93,-78,-20,-96,-102,-111,-117,-118,-117,-130,-127,-421,-422,-420,-397,-393,-350,-408,-410,-417,-421,-651,-644,-1272,-1323,-1309,-1250]} 1. e4 e5 2. Nf3 Nc6 3. Bb5 f5 4. d4 fxe4 5. Nxe5 Nxe5 6. dxe5 c6 7. Bc4 Qa5+ 8. Nc3 Qxe5 9. Bxg8 Rxg8 10. O-O {C63: Ruy Lopez: Schliemann/Jaenisch Defence.} d5 11. Kh1 {[#]} Bd6 $146 {[%csl Gd6][%cal Re5h2] [#]} ({Predecessor:} 11... Bf5 12. Be3 Bd6 13. g3 Qe6 14. f3 Bh3 15. Re1 Bb4 16. Bd4 Bxc3 17. bxc3 O-O-O 18. Bxa7 {0-1 (62) Sahin,O (1857)-Yurtseven,M (2262) Izmir 2013}) 12. f4 {Black is clearly better.} Qe7 ({Avoid the trap} 12... exf3 $2 13. Re1 $18) 13. Be3 Rf8 14. Qd2 Be6 15. Rad1 {intending Nxe4!} Bc5 (15... Bg4 $19 16. Ne2 O-O-O) 16. Na4 Bxe3 17. Qxe3 g6 {[#]} ({Black should try} 17... Bg4 18. Rd2 Qb4) 18. c4 $1 $17 {[%mdl 512]} Kf7 (18... b6 $17 19. Nc3 O-O-O) (18... dxc4 19. Nc3) 19. Nc5 (19. Nc3 $11) 19... Kg8 20. Nxe6 Qxe6 21. cxd5 cxd5 22. Qb3 Rad8 23. Qxb7 $2 {[%mdl 8192] Loses the game.} (23. g3 $17) 23... e3 $19 24. Rde1 d4 25. Rf3 Rd7 26. Qb5 Qf5 27. Qc4+ Kg7 28. Kg1 (28. h3 $142 Re8 29. Qb3) 28... Re8 29. h3 d3 30. Qc3+ Qf6 {Accuracy: White = 55%, Black = 77%.} 0-1

[Event "CZE-ch 2020"]
[Site "Pilsen"]
[Date "2020.08.31"]
[Round "9.25"]
[White "Bartos, Jan"]
[Black "Ludvik, Tomas"]
[Result "1/2-1/2"]
[WhiteElo "2131"]
[BlackElo "2202"]
[Annotator "TA"]
[PlyCount "63"]
[EventDate "2020.08.23"]
[EventType "swiss"]
[EventCountry "CZE"]
[SourceTitle "playchess.com"]
[Source "ChessBase"]
[SourceQuality "1"]

{[%evp 12,63,27,16,16,16,29,16,24,10,21,6,96,106,101,0,0,0,-2,-7,-14,-18,-9,-48,0,-25,17,0,42,-19,-17,-41,-43,-34,-41,-73,-47,-108,-45,-40,-25,-36,-25,-25,-25,-25,-18,-20,-3,-26,-8,-13,0,0]} 1. d4 Nf6 2. Nf3 d5 3. c4 dxc4 4. e3 a6 5. Bxc4 e6 6. O-O b5 7. Be2 {now supersedes 7.Bd3.} Bb7 {D26: Queen's Gambit Accepted: 4 e3 e6 5 Bxc5 c5 sidelines.} 8. a4 b4 9. Nbd2 {[%cal Bb1d2,Bd2c4,Bc4b6][%mdl 32]} Nbd7 10. Nc4 c5 11. dxc5 {[#]} Ne4 $146 {[#]} (11... Bxc5 $11 {keeps the balance.} 12. b3 O-O) ({Predecessor:} 11... Bxc5 12. Nd6+ Bxd6 13. Qxd6 Qe7 14. Qxe7+ Kxe7 15. a5 Nc5 16. Bd2 Bxf3 17. gxf3 Rab8 {1-0 (53) Spiess,G (2429)-Grabarczyk,B (2448) Germany 2011}) 12. Nb6 $1 $16 Nxb6 13. cxb6 ({White must play} 13. Qxd8+ $16 Rxd8 14. cxb6) 13... Qxb6 $11 14. a5 Qc7 15. Qa4+ Bc6 16. Qc2 {[#] Black must now prevent Nd4.} Bd6 17. h3 Ke7 18. Nd4 Bh2+ 19. Kh1 Bb7 20. Bd3 ({Better is} 20. Bd2 $14) 20... Qxc2 21. Bxc2 Bd6 22. Bxe4 Bxe4 23. Bd2 Rhc8 {Strongly threatening ...e5.} (23... e5 $5 {[%cal Re5d4]} 24. f3 exd4 25. fxe4 dxe3 26. Bxe3 Rhc8 $15) 24. Rfc1 (24. f3 $1 $15 Bc6 25. e4) 24... Kd7 (24... e5 $17 25. Ne2 Bd3) 25. f3 $15 Bb7 26. Nc2 Be5 27. Nxb4 Bxb2 28. Rxc8 Rxc8 29. Rb1 Bf6 30. e4 Rc4 31. Nd3 Kc8 32. Bf4 {Accuracy: White = 68%, Black = 74%.} 1/2-1/2

[Event "CZE-ch 2020"]
[Site "Pilsen"]
[Date "2020.08.31"]
[Round "9.26"]
[White "Houska, Jiri"]
[Black "Vojta, Jakub"]
[Result "1-0"]
[WhiteElo "2202"]
[BlackElo "2093"]
[Annotator "TA"]
[PlyCount "85"]
[EventDate "2020.08.23"]
[EventType "swiss"]
[EventCountry "CZE"]
[SourceTitle "playchess.com"]
[Source "ChessBase"]
[SourceQuality "1"]

{[%evp 10,85,35,25,40,39,35,32,25,31,41,25,31,35,38,35,37,33,29,23,18,6,48,36,26,39,35,14,41,32,67,15,32,27,50,54,58,6,21,-1,47,46,116,76,85,90,149,142,142,127,141,131,125,126,135,184,297,291,352,292,461,467,1722,1668,5285,1483,29983,29980,29980,29981,29979,29979,29985,29986,29986,29987,29984,29985]} 1. d4 d5 2. c4 dxc4 3. Nf3 Nf6 4. e3 a6 5. Bxc4 b5 6. Bd3 Bb7 {D25: Queen's Gambit Accepted: 4 e3: sidelines and 4...Bg4.} 7. Qe2 e6 8. O-O Nbd7 {White is slightly better.} 9. a4 {9.a4 is better than 9.Rd1.} b4 10. e4 Be7 11. Nbd2 c5 12. e5 Nd5 13. Nb3 cxd4 14. Bd2 O-O 15. Rfc1 {[#]} Nc3 $146 ({Predecessor:} 15... Qb6 16. a5 Qa7 17. Rc4 Rfc8 18. Rxd4 Nc5 19. Nxc5 Rxc5 20. Rg4 Bc6 21. Ng5 Bxg5 22. Bxg5 {½-½ (38) Roselli Mailhe,B (2430)-Mussanti,D (2352) St Croix 2018}) 16. bxc3 dxc3 {And now ...Bxf3 would win.} 17. Bf4 Bd5 18. Nfd4 Nc5 19. Bc2 Qb6 20. a5 (20. h4 $14) 20... Qb7 $11 21. Qg4 Rfd8 22. Bh6 {[%csl Gh6][%cal Rg4g7]} g6 23. Re1 ({White should try} 23. Nxc5 $14 Bxc5 24. Nb3) 23... Rac8 24. h4 Bf8 25. Bxf8 Kxf8 (25... Rxf8 $14 26. h5 Nxb3 27. Nxb3 Rc4) 26. h5 {Hoping for Nxc5.} Nxb3 27. Nxb3 Qe7 (27... Rc4 $142 28. Nd4 Kg8) 28. Rad1 $16 ({But not} 28. hxg6 $6 hxg6 29. Nd4 Rc4 $14) 28... Rc4 29. Rd4 Rxd4 30. Nxd4 Rb8 31. Nb3 Rb5 32. Re3 Bxb3 (32... h6 $142) 33. Bxb3 $18 Rxa5 34. hxg6 hxg6 (34... fxg6 {is a better defense.} 35. Rd3 Kg7) 35. Qf4 Ke8 (35... g5 $142 36. Qe4 Qc7 37. Qxb4+ Kg7) 36. Rh3 Qf8 37. Qf6 (37. Qc4 $142 c2 38. Qc6+ Ke7 39. Qc7+ Ke8 40. Bxc2 Ra1+ 41. Kh2 Qg7 42. f4) 37... Ra3 {[#]} 38. Bxe6 $1 {[%mdl 512] White mates.} c2 {[#]} (38... fxe6 39. Qxe6+) 39. Bxf7+ $1 {[%mdl 576] Double Attack} Kd7 (39... Qxf7 40. Rh8+) 40. Be6+ {[%mdl 64] Discovered Attack} Kc7 41. Rh7+ Kb6 42. Qxf8 c1=Q+ 43. Kh2 {Accuracy: White = 83%, Black = 60%.} 1-0